00877nam a2200205 4500008004100000020001600041027001300057082001500070245008800085260008000173300003400253440003100287650004700318650004500365650003200410856011200442942000700554952009500561999001500656231219b |||||||| |||| 00| 0 eng d a 9558908037 a25387-CE a338.9bSRI aSri Lanka:bpromoting agricultural and rural non-farm sector growth: Volumes I & II a[Colombo] : bRural Development Unit, South Asia Region, World Bank, c2003 axix. 89 p. ill., map ; 29 cm. aDocument of the World Bank aRural development--Sri Lanka--Congresses.  aAgriculture--Economic aspects--Sri Lanka aSri Lanka--Rural conditions uhttps://openknowledge.worldbank.org/server/api/core/bitstreams/31aa88b0-2bf5-5e5b-80ec-9e88bf8edb32/content cRP 00102ddc4070aMAINbMAINd2023-12-19l0o338.9 SRIpRAF4592r2023-12-19w2023-12-19yRP c4533d4533